000 00586 a2200193 4500
001 61431
005 20260407155905.0
008 260407a1974 arg spa d
003 AR-UNSa-BCEJYS
040 _aAR-UNSa-BCEJYS
_bspa
_cAR-UNSa-BCEJYS
080 _a347.238.3
_xOtras clases de copropiedad; p.e., propiedad horizontal
245 1 0 _aTratado de la propiedad horizontal
264 1 _aBuenos Aires :
_bEdiciones Depalma
_c1974
300 _axix, 470 p.
_c23 cm.
041 _aspa
942 _cBK
590 _aniveau_biblio:m niveau_hierar:0
100 1 _aPalmiero, Andrés Rafael
999 _c7311
_d7311